Statistics for Biggest Cities in Europe on a Map - with Exceptions

Click here to take the quiz!

General Stats

  • This quiz has been taken 328 times
    (258 since last reset)
  • The average score is 29 of 30

Answers on the Map

Answers color-coded by a green-red scale on the quiz's map according to % correct below.
 

Answer Stats

PopulationCity% Correct
14.8 mLondon
100%
6.70 mMadrid
100%
3.08 mManchester
100%
11.4 mParis
100%
2.50 mAmsterdam
99%
3.50 mAthens
99%
4.88 mBarcelona
99%
16.2 mIstanbul
99%
3.48 mKiev
99%
3.50 mRome
99%
2.35 mWarsaw
99%
2.73 mBrussels
98%
2.50 mLisbon
98%
1.88 mLiverpool
98%
2.25 mStockholm
98%
2.23 mVienna
98%
2.63 mBudapest
97%
1.69 mCopenhagen
97%
6.15 mMilan
97%
2.20 mBucharest
96%
1.69 mGlasgow
96%
2.05 mMinsk
96%
3.28 mRotterdam / The Hague
96%
3.15 mBirmingham
95%
4.15 mNaples
95%
1.99 mLyon
93%
1.68 mMarseille
93%
2.15 mLeeds
92%
1.87 mValencia
91%
1.63 mKharkiv
78%

Score Distribution

Percentile by Number Answered

Percent of People with Each Score

Your Score History

You have not taken this quiz since the last reset